Female Prime Ministers on the British Political Scene bakalárska práca

Na minha lista:
Detalhes bibliográficos
Autor principal: Beňušová, Lucia
Autor Corporativo: Fakulta aplikovaných jazykov EU v Bratislave. Katedra interkultúrnej komunikácie
Outros Autores: Bláhová, Mária
Formato: Livro
Idioma:inglês
Publicado em: Bratislava 2018
Tags: Adicionar Tag
Sem tags, seja o primeiro a adicionar uma tag!

MARC

LEADER 00000nbm a2200000 4500
001 0243981
005 20180913144604.8
041 0 |a eng 
044 |a SK 
245 1 0 |a Female Prime Ministers on the British Political Scene  |b bakalárska práca  |c Lucia Beňušová ; školiteľ: Mária Bláhová 
264 1 |a Bratislava  |c 2018 
300 |a 55 s. 
100 1 |a Beňušová, Lucia 
700 1 |a Bláhová, Mária 
710 2 |a Fakulta aplikovaných jazykov EU v Bratislave. Katedra interkultúrnej komunikácie